000 00902nam a22002777a 4500
999 _c108
_d108
001 004058
003 CoMeUDC004058
005 20181025180113.0
008 181025b ||||| |||| 00| 0 eng d
015 _ack-2013-xxxx
020 _a9789587670233
040 _aCoMeUDC
_bspa
_cCoMeUDC
041 0 _aspa
043 _as-ck---
082 0 4 _a341.522
_bE77
_219
245 0 0 _aEstatuto arbitral colombiano :
_banálisis y aplicación de la Ley 1563 de 2012 /
_cAntonio Aljure Salame ... [et al.].
260 _aBogotá :
_bComité Colombiano de Arbitraje :
_bLegis,
_c2013.
300 _axxxvi, 592 p. ;
_c24 cm.
504 _aIncluye bibliografías e índice.
630 1 4 _aLey 1563 de 2012.
630 1 4 _aLey 1563 de 2012
_x Crítica textual.
650 4 _aArbitramento comercial
_z Colombia.
700 1 _aAljure Salame, Antonio.
942 _2ddc
_cBK
949 _ac
_bc